Islam, law, and the modern state : (Record no. 37443)
[ view plain ]
| 000 -LEADER | |
|---|---|
| fixed length control field | 01730cam a2200205 i 4500 |
| 020 ## - INTERNATIONAL STANDARD BOOK NUMBER | |
| ISBN | 9781138205482 |
| 082 ## - DEWEY DECIMAL CLASSIFICATION NUMBER | |
| Classification number | 340.59 |
| Item number | JAM-I |
| 100 1# - MAIN ENTRY--AUTHOR NAME | |
| Personal name | Jamal, Arif A., |
| Relator term | author. |
| 245 10 - TITLE STATEMENT | |
| Title | Islam, law, and the modern state : |
| Sub Title | (re)imagining liberal theory in Muslim contexts / |
| Statement of responsibility, etc | by Arif A. Jamal. |
| 260 ## - PUBLICATION, DISTRIBUTION, ETC. (IMPRINT) | |
| Place of publication | New York: |
| Name of publisher | Routledge, |
| Year of publication | c2018. |
| 300 ## - PHYSICAL DESCRIPTION | |
| Number of Pages | xi,149p. |
| 504 ## - BIBLIOGRAPHY, ETC. NOTE | |
| Bibliography, etc | Includes bibliographical references and index. |
| 505 0# - FORMATTED CONTENTS NOTE | |
| Formatted contents note | Developing the concept of "justice as discourse" -- Justice as discourse in application -- Muslim contexts I : history and heritage -- Muslim contexts II : contemporary contexts -- Terms of engagement : (re)imagining religion, law, state, and society for Muslim contexts. |
| 520 ## - SUMMARY, ETC. | |
| Summary, etc | Within the global phenomenon of the (re)emergence of religion into issues of public debate, one of the most salient issues confronting contemporary Muslim societies is how to relate the legal and political heritage that developed in pre-modern Islamic polities to the political order of the modern states in which Muslims now live. This work seeks to develop a framework for addressing this issue. The central argument is that liberal theory, and in particular justice as discourse, can be normatively useful in Muslim contexts for relating religion, law and state. Just as Muslim contexts have developed historically, and continue to develop today, the same is the case with the requisites of liberal theory, and this may allow for liberal choices to be made in a manner that is not a renunciation of Muslim heritage. |
| 650 #0 - SUBJECT ADDED ENTRY--TOPICAL TERM | |
| Topical Term | Justice, Administration of (Islamic law) |
| 650 #0 - SUBJECT ADDED ENTRY--TOPICAL TERM | |
| Topical Term | Justice, Administration of. |
| 650 #0 - SUBJECT ADDED ENTRY--TOPICAL TERM | |
| Topical Term | Islam and justice. |
| 650 #0 - SUBJECT ADDED ENTRY--TOPICAL TERM | |
| Topical Term | Religion and law. |
| 942 ## - ADDED ENTRY ELEMENTS (KOHA) | |
| Source of classification or shelving scheme | Dewey Decimal Classification |
| Koha item type | Books |
| Withdrawn status | Lost status | Damaged status | Not for loan | Home library | Current library | Date acquired | Source of acquisition | Cost, normal purchase price | Full call number | Accession Number | Cost, replacement price | Price effective from | Koha item type |
|---|---|---|---|---|---|---|---|---|---|---|---|---|---|
| NASSDOC Library | NASSDOC Library | 16/03/2023 | Overseas | 0.00 | 340.59 JAM-I | 53112 | 0.00 | 27/04/2023 | Books |
